ბათუმის შოთა რუსთაველის სახელმწიფო უნივერსიტეტის ბიბლიოთეკა

Функции комплексного переменного. (ბიბ.ჩანაწერი № 39043)

000 -LEADER
fixed length control field 00846nam a2200229Ia 4500
001 - CONTROL NUMBER
control field 5563
003 - CONTROL NUMBER IDENTIFIER
control field GE_BSU
008 - FIXED-LENGTH DATA ELEMENTS--GENERAL INFORMATION
fixed length control field 181216s||||||||xx |||||||||||||| ||und||
040 ## - CATALOGING SOURCE
Transcribing agency GE_BSU
080 ## - UNIVERSAL DECIMAL CLASSIFICATION NUMBER
Universal Decimal Classification number 517.53/55+517.44
100 ## - MAIN ENTRY--PERSONAL NAME
Personal name Краснов М.И. Киселев А.И. Макаренко Г.И.
245 ## - TITLE STATEMENT
Title Функции комплексного переменного.
245 ## - TITLE STATEMENT
Remainder of title Операционная исчисление. Теория устойчивости. Учеб. пособие для студентов вузов..
260 ## - PUBLICATION, DISTRIBUTION, ETC.
Place of publication, distribution, etc. Москва
260 ## - PUBLICATION, DISTRIBUTION, ETC.
Name of publisher, distributor, etc. Наука
260 ## - PUBLICATION, DISTRIBUTION, ETC.
Date of publication, distribution, etc. 1971
300 ## - PHYSICAL DESCRIPTION
Extent 254
653 ## - INDEX TERM--UNCONTROLLED
Uncontrolled term Операционная исчисление.
653 ## - INDEX TERM--UNCONTROLLED
Uncontrolled term Теория устойчивости.
653 ## - INDEX TERM--UNCONTROLLED
Uncontrolled term Функции комплексного переменного.
942 ## - ADDED ENTRY ELEMENTS (KOHA)
Koha item type წიგნი
ეგზემპლარები
Withdrawn status Lost status Damaged status Not for loan Date acquired Barcode Date last seen Price effective from Koha item type
        2018-12-17 16383 2018-12-17 2018-12-17 წიგნი